Central Library OPAC University of Rajshahi

Programming and customizing the AVR microcontroller / (Record no. 66528)

MARC details
000 -LEADER
fixed length control field 00730nam a2200241 a 4500
001 - CONTROL NUMBER
control field 66528
003 - CONTROL NUMBER IDENTIFIER
rucl marc code BD-RjUL
005 - DATE AND TIME OF LATEST TRANSACTION
control field 20211209081542.0
008 - FIXED-LENGTH DATA ELEMENTS--GENERAL INFORMATION
fixed length control field 170316s2001 nyua 001 0 eng d
020 ## - INTERNATIONAL STANDARD BOOK NUMBER
International Standard Book Number 007134666X
035 ## - SYSTEM CONTROL NUMBER
System control number (BD-RjUL)66658
040 ## - CATALOGING SOURCE
Transcribing agency BD-RjUL
Modifying agency BD-RjUL
Language of cataloging eng
Original cataloging agency BD-RjUL
041 ## - LANGUAGE CODE
Language code of text/sound track or separate title eng
082 00 - DEWEY DECIMAL CLASSIFICATION NUMBER
Classification number 629.895416
Edition number 23
Author mark and year GRP 2001
100 1# - MAIN ENTRY--PERSONAL NAME
Personal name Gadre, Dhananjay V.
9 (RLIN) 196911
245 10 - TITLE STATEMENT
Title Programming and customizing the AVR microcontroller /
Statement of responsibility, etc. Dhananjay V. Gadre.
260 ## - PUBLICATION, DISTRIBUTION, ETC. (IMPRINT)
Place of publication, distribution, etc. New York :
Name of publisher, distributor, etc. McGraw-Hill,
Date of publication, distribution, etc. c2001.
300 ## - PHYSICAL DESCRIPTION
Pagination xxi, 339 p. :
Illustrations ill. ;
Size 24 cm. +
500 ## - GENERAL NOTE
General note Includes index.
650 #0 - SUBJECT ADDED ENTRY--TOPICAL TERM
Topical term or geographic name as entry element Atmel AVR microcontroller.
9 (RLIN) 196912
Topical term or geographic name as entry element Programmable controllers.
9 (RLIN) 196913
942 ## - ADDED ENTRY ELEMENTS (KOHA)
Source of classification or shelving scheme Dewey Decimal Classification
Koha item type Books
Holdings
Lost status Source of classification or shelving scheme Damaged status Not for loan Collection code Permanent Location Current Location Shelving location Date acquired Source of acquisition Cost, normal purchase price Total Checkouts Full call number Date last seen Copy number Koha item type
  Dewey Decimal Classification   Not For Loan Non-fiction Central Library, University of Rajshahi Central Library, University of Rajshahi Reading Room 18/08/2007 Paragon Enterprises Ltd. 475.00   629.895416 GRP 2001 16/03/2017 C-1 Books